Okok és gyógymódok
Elmentve itt :
| Szerző: | |
|---|---|
| További közreműködők: | |
| Adatforrás: | Philobibl |
| Dokumentumtípus: | Könyv |
| Nyelv: | magyar |
| Kulcsszavak: | természetfilozófia középkori gondolkodás gyógyítás |
| Megjelent: |
[Budapest]
Kairosz
2004
|
| Sorozat: | Orvostörténeti ritkaságok
|
| LEADER | 00613nam a2200181 c 4500 | ||
|---|---|---|---|
| 001 | bibPHI0029931 | ||
| 005 | 20200924122634.2 | ||
| 008 | 070219s2004 xx hun | ||
| 100 | 1 | |a Hildegard von Bingen | |
| 245 | 1 | 0 | |a Okok és gyógymódok |c Hildegard von Bingen ; [ford., az előszót és a magyarázatokat írta Magyar László András] |
| 260 | |a [Budapest] |b Kairosz |c 2004 | ||
| 300 | |a 317 p. | ||
| 490 | 1 | |a Orvostörténeti ritkaságok |v 1. | |
| 695 | |a természetfilozófia | ||
| 695 | |a középkori gondolkodás | ||
| 695 | |a gyógyítás | ||
| 700 | 1 | |a Magyar László András | |
| 830 | 0 | |a Orvostörténeti ritkaságok | |